Dialektika politiky a ekonomiky politika ako integrujúci činiteľ

Bibliographic Details
Main Author: Pecho, Michal (Author)
Format: Book
Language:Slovak
PhysicalDescription:218 strán schémy 29 cm
Published: Bratislava Vysoká škola ekonomická 1986
Edition:1. vyd.
Series:Vysokoškolské skriptá
Subjects:

MARC

LEADER 00000cam a2200000 a 4500
001 vtls001088368
003 SK-MaSNL
005 20260301190850.0
008 240513s1986 xo a frp 00000 slo
015 |a SNBA1986/07 
035 |a SNK000031208 
040 |a SNK  |b slo  |c SNK  |e AACR2 
041 0 |a slo 
044 |a xo  |c SK 
072 7 |a 37.016  |x Učebné osnovy. Vyučovacie predmety. Učebnice  |2 konspekt 
072 7 |a 33  |x Ekonómia  |2 konspekt 
080 |a 32:33(075.8)  |2 1981 
080 |a 33(075.8)  |2 1981 
080 |a 33  |2 1981 
080 |a 32(075.8)  |2 1981 
080 |a 33  |2 2011 
080 |a 32  |2 2011 
080 |a 162.6  |2 2011 
080 |a (075.8)  |2 2011 
100 1 |a Pecho, Michal  |4 aut  |9 515277 
245 1 0 |a Dialektika politiky a ekonomiky  |b politika ako integrujúci činiteľ  |c Michal Pecho 
250 |a 1. vyd. 
260 |a Bratislava  |b Vysoká škola ekonomická  |c 1986  |e Bratislava  |f Edičné stredisko VŠE 
300 |a 218 strán  |b schémy  |c 29 cm 
366 |e 600 výtl. 
490 1 |a Vysokoškolské skriptá 
504 |a Obsahuje bibliografiu 
650 0 7 |a ekonomika  |2 SNKPH  |9 789 
650 0 7 |a politika  |2 SNKPH  |9 968 
650 0 7 |a dialektika  |2 SNKPH  |9 17838 
655 7 |a učebnice vysokých škôl  |2 SNKPH  |9 70191 
655 7 |a Textbooks (higher)  |2 SNKPHeng  |9 276436 
830 0 |a Vysokoškolské skriptá  |9 276440 
852 |a Slovenská národná knižnica 
954 |a odborná, vedecká literatúra pôvodná (slovenská)  |2 lita 
958 |a NB 
958 |a RM 
958 |a UV 
958 |a OND 
999 |c 869039  |d 870969 
952 |t P60, <04>, [BOOK], {604}  |a SNK  |b SNK  |y VYP  |7 0  |p 17A0205140  |o snkSB 40518 D1  |0 0  |1 0  |4 0  |d 1999-08-05  |l 0  |r 2004-12-31 00:00:00  |w 2026-02-24 
952 |a SNK  |b SNK  |y PREZ  |7 0  |p 17A0836528  |o snkSB 40518   |0 0  |1 0  |4 0  |d 2012-05-07  |f 1  |l 0  |r 2025-04-25 00:00:00  |w 2026-02-24